000
00316cam a22001217a 4500
008
180718b1946 xxu||||| |||| 00| 0 eng d
082
_a
T19 H319
100
_a
Hawtrey, R.G.
245
_a
Economic rebirth
_c
by R.G. Hawtrey
260
_a
London
_b
Longmans
_c
1946
300
_a
161p.
650
_a
Reconstruction (1939-51)
999
_c
367913
_d
367913